ბათუმის შოთა რუსთაველის სახელმწიფო უნივერსიტეტის ბიბლიოთეკა

შავშეთი = Shavsheti : (ბიბ.ჩანაწერი № 36450)

000 -ლიდერი
ფიქსირებული სიგრძის საკონტროლო ველი 02342nam a2200325Ia 4500
001 - საკონტროლო ნომერი
საკონტროლო ველი 2365
003 - საკონტროლო ნომრის იდენტიფიკატორი
საკონტროლო ველი GE_BSU
005 - ბოლო ოპერაციის თარიღი და დრო
საკონტროლო ველი 20190530162523.0
008 - ფიქსირებული სიგრძის მონაცემთა ელემენტები - ზოგადი ინფორმაცია
ფიქსირებული სიგრძის საკონტროლო ველი 181216s2011||||ge |||||||||||||| ||geo||
020 ## - წიგნის საერთაშორისო სტანდარტული ნომერი
International Standard Book Number 9789941407116
040 ## - კატალოგიზაციის წყარო
Transcribing agency GE_BSU
041 ## - ენის კოდი
Language code of text/sound track or separate title geo
080 ## - უნივერსალური ათობითი კლასიფიკაციის ინდექსი
Universal Decimal Classification number 81(479.223) შ–18
245 ## - ცნობა სათაურის შესახებ
Statement of responsibility, etc წიგნის ავტ.: მ. ფაღავა, თინა შიოშვილი, შ. მამულაძე, მერი ცინცაძე, მალხაზ ჩოხარაძე, ზ. შაშიკაძე, ნ. ცეცხლაძე, თ. ფუტკარაძე და სხვ. ; რედ. მამია ფაღავა ; ფოტოები და რუკა მალხაზ ჩოხარაძისა ; შ. რუსთაველის სახელმწიფო უნ-ტი ; ქართველოლოგიის ინ-ტი.
Title შავშეთი = Shavsheti :
Remainder of title მონოგრაფია; ისტორია, მატერიალური კულტურის ძეგლები, ეთნოლოგიური ყოფა, ფოლკლორი, ტოპონიმია, შავშური დიალექტი /
264 ## - წარმოების, გამოცემის, დისტრიბუციის და სხვა ცნობები
გამოცემის, წარმოების, დისტრიბუციის... ადგილი თბილისი :
გამოცემის, წარმოების, დისტრიბუციის... სახელწოდება გამ-ბა ჰოროსი XXI,
გამოცემის, წარმოების, დისტრიბუციის... თარიღი 2011.
300 ## - ფიზიკური აღწერა
Extent 617 გვ.
Other physical details 23 სმ.
653 ## - INDEX TERM--UNCONTROLLED
Uncontrolled term ისტორია
653 ## - INDEX TERM--UNCONTROLLED
Uncontrolled term მატერიალური კულტურის ძეგლები
653 ## - INDEX TERM--UNCONTROLLED
Uncontrolled term ეთნოლოგია
653 ## - INDEX TERM--UNCONTROLLED
Uncontrolled term ფოლკლორი
700 ## - ADDED ENTRY--PERSONAL NAME
Personal name ფაღავა, მ.
Relator term ავტორი
9 (RLIN) 1854
700 ## - ADDED ENTRY--PERSONAL NAME
Personal name შიოშვილი, თინა
Relator term ავტორი
9 (RLIN) 1855
700 ## - ADDED ENTRY--PERSONAL NAME
Personal name მამულაძე, შ.
Relator term ავტორი
9 (RLIN) 1856
700 ## - ADDED ENTRY--PERSONAL NAME
Personal name ცინცაძე, მერი
Relator term ავტორი
9 (RLIN) 1857
700 ## - ADDED ENTRY--PERSONAL NAME
Personal name შაშიკაძე, ზ.
Relator term ავტორი
9 (RLIN) 1858
700 ## - ADDED ENTRY--PERSONAL NAME
Personal name ცეცხლაზე, ნ.
Relator term ავტორი
9 (RLIN) 1859
700 ## - ADDED ENTRY--PERSONAL NAME
Personal name ფაღავა, მამია
Relator term რედაქტორი
9 (RLIN) 142
710 ## - ADDED ENTRY--CORPORATE NAME
Corporate name or jurisdiction name as entry element შ. რუსთაველის სახელმწიფო უნივერსიტეტი
Subordinate unit ქართველოლოგიის ინსტიტუტი
9 (RLIN) 1860
942 ## - ADDED ENTRY ELEMENTS (KOHA)
Koha item type წიგნი
Source of classification or shelving scheme
ეგზემპლარები
ჩამოწერის სტატუსი დაკარგული ეგზემპლარის სტატუსი კლასიფიკაციის წყარო ან თაროზე გაწყობის სქემა დაზიანების სტატუსი არ გაიცემა მუდმივი მდებარეობა (დაცვის ადგილი) ამჟამინდელი ადგილსამყოფელი თაროზე განთავსების ადგილი შეძენის თარიღი ღირებულება, შესყიდვის ნორმალური ფასი სრული შენახვის შიფრი შტრიხკოდი ბოლო ოპერაციის თარიღი ეგზემპლარის მიმდევრობითი ნომერი (კეტერი?) ფასის ძალაში შესვლის თარიღი ეგზემპლარის სახეობა საჯარო შენიშვნა
          ბათუმის შოთა რუსთაველის სახელმწიფო უნივერსიტეტის მთავარი ბიბლიოთეკა ბათუმის შოთა რუსთაველის სახელმწიფო უნივერსიტეტის მთავარი ბიბლიოთეკა წიგნსაცავი 2018-12-17 25.00 81(479.223) შ–18 4475 2018-12-17 4475 2018-12-17 წიგნი 25 ლ.